000 00444nam a2200121Ia 4500
008 220620s9999||||xx |||||||||||||| ||und||
100 _aNasimuddin Nasimuddin
245 0 _aMicrostrip Antennas
546 _aEnglish[eng]
650 _aEngineering||Physical Sciences||Engineering and Technology||Electrical and Electronic Engineering||Wireless Communication System
856 _uhttps://www.intechopen.com/books/microstrip-antennas
942 _cEB
999 _c27841
_d27841